|
|
|
|
| LEADER |
00863nam a2200217 a 4500 |
| 001 |
4529164 |
| 008 |
120619s1955 ilua 000 0 eng |
| 010 |
|
|
|a 55007342
|
| 040 |
|
|
|a DLC
|c DLC
|d DLC
|d BD-DhAAL
|
| 050 |
0 |
0 |
|a H61
|b .L346
|
| 082 |
0 |
0 |
|a 301.01
|
| 100 |
1 |
|
|a Lazarsfeld, Paul Felix,
|e ed.
|
| 245 |
1 |
4 |
|a The language of social research :
|b a reader in the methodology of social research /
|c edited by Paul F. Lazarsfeld and Morris Rosenberg.
|
| 260 |
|
|
|a Glencoe, Ill. :
|b Free Press,
|c 1955
|
| 300 |
|
|
|a xiii, 590 p. :
|b illus. ;
|c 25 cm.
|
| 541 |
|
|
|e 00025429
|
| 650 |
|
0 |
|a Social sciences
|x Methodology.
|
| 700 |
1 |
|
|a Rosenberg, Morris,
|e joint ed.
|
| 852 |
1 |
|
|a Ayesha Abed Library
|c General shelf.
|
| 999 |
|
|
|c 12404
|d 12404
|
| 952 |
|
|
|0 0
|1 0
|2 ddc
|4 0
|6 301_010000000000000_LAZ
|7 0
|9 20534
|a JPGSPH
|b JPGSPH
|d 2012-06-20
|l 0
|o 301.01 LAZ
|p 3060025429
|r 2012-06-20
|t 1
|w 2012-06-20
|y BK
|